| 000 | 00824nam a2200229 a 4500 | ||
|---|---|---|---|
| 999 |
_c3772 _d3772 |
||
| 001 | 3772 | ||
| 003 | BD-JhCC | ||
| 005 | 20171118165027.0 | ||
| 008 | 171118s1984 bg |||| |||| 000 0 ben d | ||
| 035 | _a(BD-JhCC)3772 | ||
| 040 |
_aBD-JhCC _dBD-JhCC |
||
| 041 | _aben | ||
| 082 |
_a891.4415 _bCHA 1984 |
||
| 245 |
_aচল্লিশ বছরের প্রেমের কবিতা / _cরফিক ভূঁইয়া ও আবদুল হাই শিকদার [সম্পা.] |
||
| 260 |
_aঢাকা : _bনন্দন ও প্রাচীন প্রকাশনী. _c1984. |
||
| 300 |
_a144 p. : _c21 cm. |
||
| 650 | _aCollection of Poems | ||
| 700 | _aভূঁইয়া, রফিক | ||
| 700 | _aশিকদার, আবদুল হাই | ||
| 942 |
_2ddc _cBK |
||